000
00321nam a2200133Ia 4500
008
230917s9999||||xx |||||||||||||| ||und||
040
_e
144754
_a
MAIN
041
_a
English
082
_a
B J328J
100
_a
Dikshit, S
245
0
_a
Jawahar Lal Nehru
260
_a
New York
_b
Oxford University Press
_c
1989
942
_c
BK
999
_c
58792
_d
58792